| 000 | 00587nam a2200217Ia 4500 | ||
|---|---|---|---|
| 005 | 20250326144331.0 | ||
| 008 | 250326s9999 xx 000 0 und d | ||
| 020 | _a978-1-4051-7106-9 | ||
| 037 | _aTextbook | ||
| 040 |
_aFMSL _beng _cFMSL |
||
| 041 |
_aeng _2eng |
||
| 084 |
_aX:74 P8 _qFMSL |
||
| 100 |
_aMonks R A G _9748442 |
||
| 245 | 0 |
_aCorporate goverce _cMonks R A G; Minow N |
|
| 250 | _a4 | ||
| 260 |
_aNew Jersey _bNew Jersey, John Wiley _c2008 |
||
| 300 | _axxiii,651 | ||
| 365 | _b3535.2730000000001 | ||
| 942 |
_cTB _hX:74 P8 |
||
| 999 |
_c1303351 _d1303351 |
||